000 00431nam a2200169Ia 4500
005 20250423101506.0
008 250422s9999 xx 000 0 und d
020 _a0977794081
050 _aPE 1628 .W5638/
245 4 _aThe Webster Ninth New Collegiate Dictionary
260 _aSpringfield
260 _bA Mariariam Webster
260 _c1983
300 _a1532 p
650 _aEnglish language--Dictionaries.
942 _cBK
999 _c36445
_d36445